Thomas & Friends: Count with Thomas 123 / (Record no. 49608)
| 000 -LEADER | |
|---|---|
| fixed length control field | 00400nam a2200133 4500 |
| 020 ## - INTERNATIONAL STANDARD BOOK NUMBER | |
| International Standard Book Number | 978176012883 |
| 100 ## - MAIN ENTRY--PERSONAL NAME | |
| Personal name | Allcroft, Britt, |
| Relator term | author. |
| 245 ## - TITLE STATEMENT | |
| Title | Thomas & Friends: Count with Thomas 123 / |
| Statement of responsibility, etc | created by Britt Allcroft. |
| 260 ## - PUBLICATION, DISTRIBUTION, ETC. (IMPRINT) | |
| Place of publication, distribution, etc | Australia: |
| Name of publisher, distributor, etc | Hardie Grant Egmont; |
| Date of publication, distribution, etc | 2016. |
| 490 ## - SERIES STATEMENT | |
| Series statement | Thomas&Friends |
| 650 ## - SUBJECT ADDED ENTRY--TOPICAL TERM | |
| 9 (RLIN) | 76384 |
| Topical term or geographic name as entry element | numbers |
| Form subdivision | board book |
| 650 ## - SUBJECT ADDED ENTRY--TOPICAL TERM | |
| 9 (RLIN) | 7085 |
| Topical term or geographic name as entry element | Counting. |
| 942 ## - ADDED ENTRY ELEMENTS (KOHA) | |
| Source of classification or shelving scheme | |
| Koha item type | Board Book |
| Withdrawn status | Lost status | Source of classification or shelving scheme | Damaged status | Not for loan | Home library | Current library | Date acquired | Total Checkouts | Full call number | Barcode | Checked out | Date last seen | Date checked out | Price effective from | Koha item type |
|---|---|---|---|---|---|---|---|---|---|---|---|---|---|---|---|
| Logos International School | Logos International School | 10/06/2025 | 3 | BB THO | 041776 | 07/22/2026 | 03/05/2026 | 03/05/2026 | 10/06/2025 | Board Book |